000 00750nam a2200289Ia 4500
005 20260324111437.0
008 008 260324s9999 xx 000 0 eng d
020 _a9781003510475
037 _aEBOOK
040 _aCRL
040 _beng
040 _cCRL
041 _2eng
041 _aeng
084 _qCRL
100 _aRob Nathan; Tamsin Crook; Frances Cushway; Gilly Freedman; Kate Mansfield
_91138586
245 4 _aThe Holistic Career Coaching Handbook
245 2 _bA Guide for Managers and Employers
260 _bTaylor and Francis
260 _c2025
365 _a
365 _b205
856 _uhttp://www.taylorfrancis.com/books/9781003510475
942 _cEBOOK
999 _c1727412
_d1727412